000 00694nam a2200205Ia 4500
003 GCL
008 140319s9999 xx 000 0 ara d
020 _a6197172977
040 _aGCL /
_cGCL
082 0 4 _a027.7
_bم ا
100 1 _aمحمد فتحى عبدالهادى
245 1 0 _aالمكتبات الجامعية :
_bدراسات فى المكتبات الاكاديمية و الشاملة /
_cمحمد فتحى عبدالهادى
700 1 _aاحمد بدر
260 _aالقاهرة :
_bمكتبة غريب
300 _a303 ص ؛
_c24 سم
490 _a
650 0 4 _aالجامعات والكليات
650 0 4 _aالمكتبات الجامعية
942 _2ddc
_cBK
999 _c38655
_d38655